Al filo del rayo y otros cuentos / (Record no. 22947)

000 -CABECERA
fixed length control field 01182nam a2200277 i 4500
003 - IDENTIFICADOR DEL NÚMERO DE CONTROL
control field AR-CdUCM
008 - DATOS DE LONGITUD FIJA--INFORMACIÓN GENERAL
fixed length control field 240801b pe ||||| |||| 00| 0 spa d
020 ## - NÚMERO INTERNACIONAL ESTÁNDAR DEL LIBRO
ISBN 978-612-4436-95-6
040 ## - FUENTE DE LA CATALOGACIÓN
Agencia/entidad que catalogó originalmente la obra MUNICIPALIDAD PROVINCIAL DEL CUSCO
Entidad que transcribió la catalogación BIBLIOTECA MUNICIPAL DEL CUSCO
082 ## - NÚMERO DE LA CLASIFICACIÓN DECIMAL DEWEY
No. de la edición 2ed.
No. de Clasificación 869.56 / R846A
Notacion interna R846A /
100 ## - ENTRADA PRINCIPAL--NOMBRE DE PERSONA
Nombre Personal Rosas Paravicino, Enrique
245 ## - MENCIÓN DE TÍTULO
Título Al filo del rayo y otros cuentos /
Mención de responsabilidad Rosas Paravicino, Enrique
260 ## - PUBLICACIÓN, DISTRIBUCIÓN, ETC.
Lugar de publicación, distribución, etc. Lima :
Nombre de la editorial, distribuidor, etc. Lluvia Editores,
Fecha de publicación, distribución, etc. 2024.
300 ## - DESCRIPCIÓN FÍSICA
Nº de Páginas Extensión 124 páginas. :
Dimensiones 24 cm.
440 ## - MENCIÓN DE SERIE/PUNTO DE ACCESO ADICIONAL--TÍTULO
Título Cuarto del rescate archipiélago peruano
Número de la parte/sección de una obra 1
9 (RLIN) 50093
505 ## - NOTA DE CONTENIDO CON FORMATO
Nota de contenido formateada Gallo de ánimas -- Historia de una cabeza con precio -- Entierro en Tipón -- Campana mayor -- El rencor sobre todo -- El caballo jubilado -- Feliz cumpleaños -- Camino de la suerte -- Al filo del rayo -- Temporal en la cuesta de los difuntos.
650 ## - PUNTO DE ACCESO ADICIONAL DE MATERIA--TÉRMINO DE MATERIA
Descriptor Gallo de ánimas
9 (RLIN) 50085
650 ## - PUNTO DE ACCESO ADICIONAL DE MATERIA--TÉRMINO DE MATERIA
Descriptor Historia de una cabeza con precio
9 (RLIN) 50086
650 ## - PUNTO DE ACCESO ADICIONAL DE MATERIA--TÉRMINO DE MATERIA
Descriptor Entierro en Tipón
9 (RLIN) 50087
650 ## - PUNTO DE ACCESO ADICIONAL DE MATERIA--TÉRMINO DE MATERIA
Descriptor Campana mayor
9 (RLIN) 50088
650 ## - PUNTO DE ACCESO ADICIONAL DE MATERIA--TÉRMINO DE MATERIA
Descriptor El rencor sobre todo
9 (RLIN) 50089
650 ## - PUNTO DE ACCESO ADICIONAL DE MATERIA--TÉRMINO DE MATERIA
Descriptor El caballo jubilado
9 (RLIN) 50090
942 ## - ELEMENTOS DE PUNTO DE ACCESO ADICIONAL (KOHA)
Fuente de clasificación
Tipo de item Libros-BMC
945 ## - PROCESAMIENTO DE INFORMACIÓN LOCAL (OCLC)
Catalogador pbj
AAAA-MM-DD - Fecha de ingreso o modificacion 2024-08-01
Holdings
Estado de retiro (separado) Fuente de clasificación o esquema de estanterías Estado dañado Ubicación Sala donde se ubica Nombre de la colección Fecha de adquisición o compra Fuente de adquisición Costo, precio normal en soles Signatura topográfica Código de Barras Última vez visto (Koha) Tipo de ítem (Koha)
No     Sala Humanidades Sala Humanidades Book Cart 2024-08-01 donación 10.00 869.56 / R846A SH0000016777 2024-08-01 Libros-BMC
No     Sala Humanidades Sala Humanidades Book Cart 2024-08-01 donación 10.00 869.56 / R846A / e.2 SH0000016778 2024-08-01 Libros-BMC

Powered by Koha